000 00393nam a2200157Ia 4500
008 230312s9999||||xx |||||||||||||| ||und||
020 _a969-8718044
082 _a297
_bIRF-A
100 _aعرفان الحق
245 0 _aAllah k Waidy momin sy (اللھ کےوعدےمومن سے)
260 _bBABA
_aLahore
_c2006
300 _a203
546 _aUrdu
650 _aLiterature
942 _cBK
999 _c60
_d60